Spell the Marvel Character #31 - Statistics

General Stats
  • This quiz has been taken 41 times
  • The average score is 8 of 11
Answer Stats
Picture Answer % Correct
Red Hulk
100%
Okoye
88%
Rogue
88%
Echo
82%
Spider-Man 2099
79%
Outlaw
76%
Psylocke
74%
X-23
68%
Forge
47%
Professor X
44%
Sunfire
41%
No matching quizzes found
Score Distribution
Percent of People with Each Score
Percentile by Number Answered
Your Score History
You have not taken this quiz